000 00372nam a22001577a 4500
020 _a9788196176600
082 _aM 808.036
_bGIT/A
100 _aGithesh T
245 _aAkhyanasasthram/
_cby Githesh T
260 _aKozhikode:
_bAtma books,
_c2023.
300 _a147p.
650 _aNarratology
650 _aLiterature Rhetoric
650 _aLiterature
942 _cBK
999 _c181993
_d181993